| 000 | 00686nam a22002297a 4500 | ||
|---|---|---|---|
| 999 |
_c20937 _d20937 |
||
| 003 | AR-CdUCM | ||
| 008 | 190408b ||||| |||| 00| 0 spa d | ||
| 040 |
_aMUNICIPALIDAD PROVINCIAL DEL CUSCO _cBIBLIOTECA MUNICIPAL DEL CUSCO |
||
| 082 |
_aEP / 808.3 / _bM84 |
||
| 100 |
_aMontoya Fuchs, Franz _943681 |
||
| 245 |
_aLos hermanos ayar : _bLa leyenda / |
||
| 260 |
_aLima : _bFucz, _c2017. |
||
| 300 |
_a17 páginas ; _bIlustraciones, _c25 cm. |
||
| 440 |
_aColeccion FM _nParte 2 _943682 |
||
| 500 | _as/c. | ||
| 505 | _aContenido : Comics. | ||
| 650 |
_aLiteratura _983 |
||
| 650 |
_aCómics _913171 |
||
| 650 |
_aEducación primaria _91561 |
||
| 942 |
_2ddc _cLIBROS |
||
| 945 | _arcc | ||